Die Größten Städte im Sauerland - Statistiken

Allgemein
  • Dieses Quiz wurde 106 mal gespielt
  • Das Durchschnittsergebnis liegt bei 7 aus 15
Antwortstatistiken
Bevölkerung Stadt % Korrekt
72.000 Arnsberg
80%
95.000 Iserlohn
76%
30.000 Meschede
69%
26.000 Olpe
67%
75.000 Lüdenscheid
64%
53.000 Menden
53%
27.000 Lennestadt
48%
25.000 Schmallenberg
48%
27.000 Sundern
44%
26.000 Plettenberg
41%
25.000 Attendorn
39%
34.000 Hemer
35%
25.000 Warstein
28%
11.000 Balve
27%
12.000 Neuenrade
24%
Keine übereinstimmenden Quizze gefunden
Verteilung der Resultate
Anzahl Personen mit jedem Resultat
Perzentil nach korrekt beantworteten Fragen
Ihre Resultats-Entwicklung
Sie haben dieses Quiz noch nicht gespielt